Disney Princess and their animal friends - Statistics

General Stats
  • This quiz has been taken 39 times
  • The average score is 7 of 8
Answer Stats
Picture Answer % Correct
Ariel
96%
Moana
96%
Rapunzel
96%
Jasmine
93%
Mulan
93%
Pocahontas
93%
Cinderella
89%
Raya
70%
No matching quizzes found
Score Distribution
Percent of People with Each Score
Percentile by Number Answered
Your Score History
You have not taken this quiz